00613nam a2200157 a 450000100100000000500170001000800410002704000250006808200150009324500860010826000940019430000280028804900090031695201130032599900170043800001720620200929165041.0100319s19uu dr a 000 0 spa d aDO-SdBNPbspacBNPHU axxxbM294p00aManual de normas :bPlan nacional de supervivencia infantil, unidos por la salud. aSanto Domingo :bSecretaría de Estado de Salud Pública y Asistencia Social,c[19--?]. a198 p. :bil. ;c28 cm. aBNPD 0010718PDaPDbPDcCTd2010-03-19iLF1l0oxxx M294pp17206-10r2020-06-25w2020-06-25yLFPDZNo se presta c16732d16732